South Eastern Kenya University

Library Online Public Access Catalogue


An outline of the American economy (Record no. 3646)

MARC details
000 -LEADER
fixed length control field 00374nam a2200121 4500
050 ## - LIBRARY OF CONGRESS CALL NUMBER
Classification number HC 103
Item number .U54
245 ## - TITLE STATEMENT
Title An outline of the American economy
Statement of responsibility, etc. United States Information Agency
260 ## - PUBLICATION, DISTRIBUTION, ETC. (IMPRINT)
Place of publication, distribution, etc. [s.l.]
Name of publisher, distributor, etc. United States Information Agency
Date of publication, distribution, etc. [1984]
300 ## - PHYSICAL DESCRIPTION
Field link and sequence number 212 p.
650 ## - SUBJECT ADDED ENTRY--TOPICAL TERM
Topical term following geographic name as entry element United States
General subdivision Economic policy
650 ## - SUBJECT ADDED ENTRY--TOPICAL TERM
Topical term following geographic name as entry element United States
General subdivision Economic conditions.
942 ## - ADDED ENTRY ELEMENTS (KOHA)
Koha item type General circulation
Holdings
Withdrawn status Lost status Source of classification or shelving scheme Damaged status Not for loan Home library Current library Shelving location Date acquired Total Checkouts Full call number Barcode Date last seen Koha item type
    Library of Congress Classification     Main Campus Library Main Campus Library General Stacks 13/10/2014   HC 103 .A4 2017/020069 13/10/2014 General circulation
Kitui, Kenya.
+254736116989
library@seku.ac.ke